Global Shift Industrial Change in a Turbulent World. (Record no. 4055)

MARC details
000 -LEADER
fixed length control field 00361nam a22001337a 4500
008 - FIXED-LENGTH DATA ELEMENTS--GENERAL INFORMATION
fixed length control field 250702b |||||||| |||| 00| 0 eng d
020 ## - INTERNATIONAL STANDARD BOOK NUMBER
ISBN 1853960233
100 ## - MAIN ENTRY--AUTHOR
Author DICKEN Peter
245 ## - TITLE STATEMENT
Title Global Shift Industrial Change in a Turbulent World.
260 ## - PUBLICATION, DISTRIBUTION, ETC. (IMPRINT)
Place of publication London
Name of publisher Paul Chapman Publishing Ltd.
Date of publication 1986
300 ## - COLLATION
Pagination 526p.
942 ## - ADDED ENTRY ELEMENTS (KOHA)
Item type Books
050 ## - LIBRARY OF CONGRESS CALL NUMBER
Classification number HD2321
Item number .D53
Holdings
Source of classification or shelving scheme Not for loan Permanent location Current location Date acquired Accession No. Full call number Barcode. Koha item type
Library of Congress Classification   Samuel Ogbemudia Main Library, University of Abuja Samuel Ogbemudia Main Library, University of Abuja 07/02/2025 91/002314 HD2321.D53 2025-2777 Books